|
|
|
|
| LEADER |
00000nam a2200000Ii 4500 |
| 001 |
DIGKATZ0061 |
| 003 |
NyNyDIG |
| 006 |
m o d |
| 007 |
cr ||||||||||| |
| 008 |
211219s2015 ag ob 000 0 spa d |
| 035 |
|
|
|a (OCoLC)1111525491
|
| 040 |
|
|
|a DGITA
|b eng
|e rda
|e pn
|c DGITA
|
| 020 |
|
|
|z 9789874001009
|q Argentina
|
| 020 |
|
|
|z 9788415917205
|q España
|
| 043 |
|
|
|a s-ag---
|a s-bl---
|
| 050 |
1 |
4 |
|a F2810 ebook
|
| 100 |
1 |
|
|a Palermo, V.
|q (Vicente),
|e author.
|
| 245 |
1 |
3 |
|a La alegría y la pasión :
|b relatos brasileños y argentinos en perspectiva comparada /
|c Vicente Palermo.
|
| 246 |
3 |
0 |
|a Relatos brasileños y argentinos en perspectiva comparada
|
| 250 |
|
|
|a Primera edición.
|
| 264 |
|
1 |
|a Buenos Aires ;
|a Madrid :
|b Katz,
|c 2015.
|
| 300 |
|
|
|a 1 online resource.
|
| 336 |
|
|
|a text
|b txt
|2 rdacontent
|
| 337 |
|
|
|a computer
|b c
|2 rdamedia
|
| 338 |
|
|
|a online resource
|b cr
|2 rdacarrier
|
| 347 |
|
|
|a text file
|2 rdaft
|
| 347 |
|
|
|b PDF
|
| 490 |
1 |
|
|a Conocimiento
|
| 504 |
|
|
|a Includes bibliographical references.
|
| 588 |
0 |
|
|a Online resource; title from PDF title page (Digitalia, viewed December 19, 2021)
|
| 650 |
|
0 |
|a National characteristics, Argentine.
|
| 650 |
|
0 |
|a National characteristics, Brazilian.
|
| 651 |
|
0 |
|a Brazil
|x Foreign public opinion, Argentine.
|
| 651 |
|
0 |
|a Argentina
|x Foreign public opinion, Brazilian.
|
| 655 |
|
0 |
|a Electronic books.
|
| 791 |
2 |
|
|a Digitalia (Firm),
|e distributor.
|
| 830 |
|
0 |
|a Conocimiento (Buenos Aires, Argentina)
|
| 793 |
0 |
|
|g Digitalia eBook Collection:
|a Katz Editores
|
| 776 |
0 |
8 |
|i Print version:
|a Palermo, V. (Vicente)
|t Alegría y la pasión.
|b Primera edición.
|d Buenos Aires ; Madrid : Katz, 2015
|z 9789874001009
|
| 856 |
4 |
0 |
|3 Digitalia Hispánica
|u https://www.digitaliapublishing.com/a/61549/
|
| 910 |
|
|
|a Premium collection: 2022
|